Представление документа в формате MARC21

Поле Инд. ПП Название Значение
Тип записи a
Библиографический уровень b
001 Контрольный номер RU/IS/BASE/115221102
005 Дата корректировки 20200601181432.3
008 Кодируемые данные 20030826
084 a Индекс другой классификации/Индекс ББК 85.335.423(2)6
100 1_ a Автор Золотницкая Т. Д.
q Полное имя Золотницкая Татьяна Давидовна
245 10 a Заглавие Нью-Йоркские встречи
504 a Библиография Лит.: с. 205
600 14 a Персоналии Барышников Михаил
a Персоналии Шмаков Геннадий
650 04 a Основная рубрика балетный театр
a Основная рубрика искусство
a Основная рубрика история театра
a Основная рубрика театр
653 0_ a Ключевые слова XX век
a Ключевые слова актеры
a Ключевые слова зрелищное искусство
a Ключевые слова история балетного театра
a Ключевые слова мемуары
a Ключевые слова русское зарубежье
a Ключевые слова танцовщики
773 18 t Заглавие источника Звезда
d Дата издания источника 2003
g Прочая информация № 1. - С. 188 - 205
w Контрольный № источника RU/IS/BASE/101828748
901 t Тип документа b